Catálogo - Centro de Recursos para el Aprendizaje y la Investigación

Volver al Sitio - CRAI Biblioteca

Jurisdicción universal y crímenes de derecho internacional / (Registro nro. 113512)

Detalles MARC
000 -CABECERA
campo de control de longitud fija 00974nam a22002417a 4500
001 - NÚMERO DE CONTROL
campo de control 113512
003 - IDENTIFICADOR DEL NÚMERO DE CONTROL
campo de control DR-UNIBE
005 - FECHA Y HORA DE LA ÚLTIMA TRANSACCIÓN
campo de control 20250429095245.0
008 - DATOS DE LONGITUD FIJA--INFORMACIÓN GENERAL
campo de control de longitud fija 250429b2008 dr ||||| |||| 00| 0 spa d
020 ## - NÚMERO INTERNACIONAL ESTÁNDAR DEL LIBRO
Número Internacional Estándar del Libro 9789993468974
040 ## - FUENTE DE LA CATALOGACIÓN
Centro catalogador/agencia de origen BIBLIOTECA UNIBE
Centro/agencia transcriptor BIBLIOTECA UNIBE
Normas de descripción rda
041 ## - CÓDIGO DE LENGUA
Código de lengua del texto/banda sonora o título independiente spa
082 ## - NÚMERO DE LA CLASIFICACIÓN DECIMAL DEWEY
Número de clasificación RD 345 C348j
100 ## - ENTRADA PRINCIPAL--NOMBRE DE PERSONA
Nombre de persona Castellanos Vargas, Laura María
Término indicativo de función/relación autor
9 (RLIN) 194665
245 10 - MENCIÓN DE TÍTULO
Título Jurisdicción universal y crímenes de derecho internacional /
Mención de responsabilidad, etc. Laura María Castellanos Vargas
260 ## - PUBLICACIÓN, DISTRIBUCIÓN, ETC.
Lugar de publicación, distribución, etc. Santo Domingo :
Nombre del editor, distribuidor, etc. Ediciones Jurídicas Trajano Potentini :
-- Pontificia Universidad Católica Madre y Maestra (PUCMM),
Fecha de publicación, distribución, etc. 2008
300 ## - DESCRIPCIÓN FÍSICA
Extensión 322 páginas
490 ## - MENCIÓN DE SERIE
Mención de serie Colección monografías
505 ## - NOTA DE CONTENIDO CON FORMATO
Nota de contenido con formato Los principios de la jurisdicción penal internacional |<br/>Las fuentes de la jurisdicción universal |<br/>El ejercicio de la jurisdicción universal |
650 #7 - PUNTO DE ACCESO ADICIONAL DE MATERIA--TÉRMINO DE MATERIA
Fuente del encabezamiento o término lemb
Término de materia o nombre geográfico como elemento de entrada Derecho
650 #7 - PUNTO DE ACCESO ADICIONAL DE MATERIA--TÉRMINO DE MATERIA
Fuente del encabezamiento o término lemb
Término de materia o nombre geográfico como elemento de entrada Crímenes
Subdivisión general Legislación
9 (RLIN) 194674
942 ## - ELEMENTOS DE PUNTO DE ACCESO ADICIONAL (KOHA)
Fuente del sistema de clasificación o colocación Sistema de Clasificación Decimal Dewey
Tipo de ítem Koha Libro (general)
Existencias
Estado de retiro Estado de pérdida Fuente del sistema de clasificación o colocación No para préstamo Código de colección Localización permanente Fecha de adquisición Total de préstamos Signatura topográfica completa Código de barras Fecha visto por última vez Número de copia Precio válido a partir de Tipo de ítem Koha
  Disponible Sistema de Clasificación Decimal Dewey   General - Libros dominicanos Biblioteca Central UNIBE 01/01/2025   RD 345 C348j 250263 29/04/2025 Ej. 1 29/04/2025 Libro (general)